|
|
|
|
| LEADER |
01574nam a2200337 i 4500 |
| 001 |
37491 |
| 003 |
BD-DhAAL |
| 005 |
20220113114653.0 |
| 008 |
210623t20132014enkab b 001 0 eng |
| 999 |
|
|
|c 43233
|d 43233
|
| 010 |
|
|
|a 2012047922
|
| 020 |
|
|
|a 9781107660304
|
| 020 |
|
|
|a 9781107605473 (paperback : alkaline paper)
|
| 040 |
|
|
|a DLC
|b eng
|c DLC
|e rda
|d DLC
|d BD-DhAAL
|
| 042 |
|
|
|a pcc
|
| 043 |
|
|
|a a-ii---
|
| 082 |
0 |
0 |
|a 330.954
|2 23
|
| 100 |
1 |
|
|a Tomlinson, B. R.
|9 41074
|
| 245 |
1 |
4 |
|a The economy of modern India :
|b from 1860 to the twenty-first century /
|c B.R. Tomlinson.
|
| 250 |
|
|
|a Second edition.
|
| 260 |
|
|
|a Cambridge ;
|a New Delhi :
|b Cambridge University Press,
|c 2014
|
| 300 |
|
|
|a 250 pages :
|b illustrations, map ;
|c 24 cm.
|
| 490 |
0 |
|
|a The new Cambridge history of India ;
|v III, 3
|
| 504 |
|
|
|a Includes bibliographical references and index.
|
| 505 |
0 |
|
|a Preface to second edition -- Introduction: Growth and development in the long run -- Agriculture, 1860-1950 : land, labour and capital -- Trade and manufacture, 1860-1945 : firms, markets and the colonial state -- The state and the economy, 1939-1980 -- Breaking the mould? : Economic growth since 1980 -- Bibliographical essay.
|
| 526 |
|
|
|a RS
|
| 541 |
|
|
|a Karim International
|e 37491
|
| 651 |
|
0 |
|a India
|x Economic conditions.
|9 41075
|
| 852 |
|
|
|a Savar Campus Library
|c General Stacks
|
| 942 |
|
|
|2 ddc
|c BK
|
| 952 |
|
|
|0 0
|1 0
|2 ddc
|4 0
|6 330_954000000000000_TOM
|7 0
|9 69329
|a SCL
|b SCL
|c GEN
|d 2021-03-25
|e Karim International
|g 1300.00
|l 0
|o 330.954 TOM
|p 3020037491
|r 2021-03-25
|t 1
|v 1300.00
|w 2021-03-25
|y BK
|